000 00623cam a22002171 4500
001 sa 64008316
003 DLC
005 20260227112053.0
008 750722s1964 ii b 000 0 eng
010 _asa 64008316
035 _a(OCoLC)1466954
040 _aDLC
_cFJUNF
_dOCoLC
_dNSyU
_dDLC
042 _apremarc
050 0 0 _aHD5650
_b.D3 1964a
100 1 _aDas, Nabagopal,
_d1910-
245 1 0 _aExperiments in industrial democracy.
260 _aBombay,
_aNew York,
_bAsia Pub. House
_c[1964]
300 _a vii, 175 p.
_c23 cm
504 _aBibliography: p. 169-172.
650 0 _aManagement
_xEmployee participation.
999 _c60802
_d60802